000
00290 a2200145 4500
001
151841
040
_c
Escola São Tomás de Aquino
240
1
0
_a
Indez
_l
por
245
1
0
_a
Indez
300
_a
99
362
0
_a
1988
440
1
_a
Miguilim
697
_a
*LITERATURA JUVENIL
942
_c
BK
999
_c
151841
_d
151841